| 000 | 00580nam a2200217Ia 4500 | ||
|---|---|---|---|
| 005 | 20260429111930.0 | ||
| 008 | 260429s9999||||xx |||||||||||||| ||und|| | ||
| 020 | _a9789388540643 | ||
| 041 | _aEnglish | ||
| 082 |
_a915.4 _bGOL |
||
| 100 | _aGole, Susan | ||
| 245 | 0 |
_aIndia within the Ganges / _cSusan Gole |
|
| 250 | _a1st ed. | ||
| 260 |
_aNew Delhi : _bManohar Publishers and Distributors, _c2024. |
||
| 300 | _a239 p.; hb | ||
| 650 | _a Historical geography | ||
| 650 | _a India-Geography | ||
| 650 | _a Regional studies | ||
| 650 | _aGanges River | ||
| 942 | _cTB | ||
| 999 |
_c51492 _d51492 |
||